Statistics for 与法国接壤的国家

Click here to take the quiz!

General Stats

  • This quiz has been taken 316 times
  • The average score is 9 of 10

Answer Stats

边界长度
(千米)
国家% Correct
451德国
100%
623西班牙
99%
620比利时
95%
488意大利
95%
573瑞士
92%
73卢森堡
86%
57安道尔
84%
4.4摩纳哥
80%
673巴西
68%
510苏里南
63%

Score Distribution

Percentile by Number Answered

Percent of People with Each Score

Your Score History

You have not taken this quiz